000
00260nam a22001217a 4500
008
170331b xxu||||| |||| 00| 0 eng d
041
_a
ALB
080
_2
3RD
_a
616-053.2
100
_a
8
101
_a
SHM
245
_a
PEDIATRIA
_c
BEKTESHI, S
942
_2
udc
_c
BK
999
_c
9186
_d
9186